Relación acerca de la obligación que tiene Enrique Artal de Alagon de contraer matrimonio con Ana de Guevara

Detalles Bibliográficos
Otros Autores: Jerónimo Bertucci, Juan Francisco Jusco Pablo Boncompanus, Enrique Artal de Alagon, Ana de Guevara
Formato: Libro
Publicado: s.l., s.XVII
Materias:
Colección:Banco de datos
Acervo:Biblioteca Palafoxiana. Colección de Manuscritos
Descripción Física:4 f. ; 19 x 26 cm.
Tema general:Civil
LEADER 00570nam a22001810004500
035 |a 123 
245 1 0 |a Relación acerca de la obligación que tiene Enrique Artal de Alagon de contraer matrimonio con Ana de Guevara 
260 |a s.l., s.XVII 
300 |a 4 f. ; 19 x 26 cm. 
650 1 0 |a Civil 
700 1 |a Jerónimo Bertucci 
700 1 |a Juan Francisco Jusco Pablo Boncompanus 
700 1 |a Enrique Artal de Alagon 
700 1 |a Ana de Guevara 
949 |a 10190/008 
942 |c PALAMANU 
943 |g Biblioteca Palafoxiana. Colección de Manuscritos 
999 |c 1068068  |d 1068068